000 00240 a2200109 4500
001 61522
082 _a904.7 FAL
090 _c37068
_d37068
100 _aCyrill Falls
245 _aGreat Military Battles
_hEnglish
260 _bWeiden feld
942 _aCAE NUST
_k904.7 FAL
999 _c296595
_d296595